| 000 | 00684nam a2200217 a 4500 | ||
|---|---|---|---|
| 001 | BRCA_1425 | ||
| 005 | 20190320203425.0 | ||
| 008 | 990121s1996 mx-a---g##---#000-0#spa-d | ||
| 020 | _a9686932429 (v. 3) | ||
| 050 | 4 |
_aF1232.H5 _b.M49 1996 |
|
| 100 | 1 |
_aMeyer, Jean _94665 |
|
| 245 | 1 | 0 |
_aHidalgo _cJean Meyer ; coordinador de la obra Fausto Zerón-Medina. |
| 260 |
_aMéxico _bClío _c1996 |
||
| 300 |
_a63 p. _bil. (algunas a color) _c32 cm. |
||
| 440 | 0 |
_aLa antorcha encendida _v3 _94666 |
|
| 504 | _aBibliografía: p. 63 | ||
| 600 | 1 | 4 |
_aHidalgo y Costilla, Miguel _d1753-1811 _94667 |
| 650 | 1 | 4 |
_aHombres _zMéxico _94668 |
| 700 | 1 |
_aZerón-Medina, Fausto _94669 |
|
| 942 |
_2lcc _cB |
||
| 999 |
_c1287 _d1287 |
||